<?xml version="1.0" encoding="UTF-8"?>
<record
    xmlns:xsi="http://www.w3.org/2001/XMLSchema-instance"
    xsi:schemaLocation="http://www.loc.gov/MARC21/slim http://www.loc.gov/standards/marcxml/schema/MARC21slim.xsd"
    xmlns="http://www.loc.gov/MARC21/slim">

  <leader>01561nam0a2200325   4500</leader>
  <controlfield tag="001">RU\NLR\BIBL_A\022633622</controlfield>
  <controlfield tag="005">20260112125032.0</controlfield>
  <datafield tag="010" ind1=" " ind2=" ">
    <subfield code="a">978-5-908007-15-3</subfield>
    <subfield code="9">100</subfield>
  </datafield>
  <datafield tag="021" ind1=" " ind2=" ">
    <subfield code="a">RU</subfield>
    <subfield code="b">&#x41A;&#x41D;-&#x41F;-25-047562</subfield>
    <subfield code="9">&#x41A;&#x41D;-&#x41F;-25-4615</subfield>
  </datafield>
  <datafield tag="035" ind1=" " ind2=" ">
    <subfield code="a">(NLR Aleph) 022633622</subfield>
  </datafield>
  <datafield tag="090" ind1=" " ind2=" ">
    <subfield code="a">13513717</subfield>
    <subfield code="c">13513717</subfield>
  </datafield>
  <datafield tag="100" ind1=" " ind2=" ">
    <subfield code="a">20250930d2025    u  y0rusy50      ca</subfield>
  </datafield>
  <datafield tag="101" ind1="0" ind2=" ">
    <subfield code="a">rus</subfield>
  </datafield>
  <datafield tag="102" ind1=" " ind2=" ">
    <subfield code="a">RU</subfield>
  </datafield>
  <datafield tag="105" ind1=" " ind2=" ">
    <subfield code="a">c   z   010gy</subfield>
  </datafield>
  <datafield tag="181" ind1=" " ind2="0">
    <subfield code="a">i3</subfield>
    <subfield code="b">axxe  </subfield>
  </datafield>
  <datafield tag="182" ind1=" " ind2="0">
    <subfield code="a">n</subfield>
  </datafield>
  <datafield tag="200" ind1="1" ind2=" ">
    <subfield code="a">&#x41C;&#x43E;&#x44F; &#x420;&#x43E;&#x441;&#x441;&#x438;&#x44F;. &#x416;&#x438;&#x432;&#x438;, &#x420;&#x44F;&#x437;&#x430;&#x43D;&#x44C;, &#x438; &#x440;&#x430;&#x441;&#x446;&#x432;&#x435;&#x442;&#x430;&#x439;!</subfield>
    <subfield code="e">&#x441;&#x442;&#x438;&#x445;&#x43E;&#x442;&#x432;&#x43E;&#x440;&#x435;&#x43D;&#x438;&#x44F;</subfield>
    <subfield code="f">&#x412;&#x43B;&#x430;&#x434;&#x438;&#x43C;&#x438;&#x440; &#x41A;&#x43E;&#x43B;&#x44C;&#x447;&#x443;&#x433;&#x438;&#x43D;</subfield>
  </datafield>
  <datafield tag="203" ind1=" " ind2=" ">
    <subfield code="a">&#x422;&#x435;&#x43A;&#x441;&#x442;</subfield>
    <subfield code="b">&#x432;&#x438;&#x437;&#x443;&#x430;&#x43B;&#x44C;&#x43D;&#x44B;&#x439;</subfield>
    <subfield code="c">&#x43D;&#x435;&#x43F;&#x43E;&#x441;&#x440;&#x435;&#x434;&#x441;&#x442;&#x432;&#x435;&#x43D;&#x43D;&#x44B;&#x439;</subfield>
  </datafield>
  <datafield tag="210" ind1=" " ind2=" ">
    <subfield code="a">&#x420;&#x44F;&#x437;&#x430;&#x43D;&#x44C;</subfield>
    <subfield code="c">&#x41A;&#x43E;&#x43D;&#x44F;&#x445;&#x438;&#x43D; &#x410;. &#x412;. (Book Jet)</subfield>
    <subfield code="d">2025</subfield>
  </datafield>
  <datafield tag="215" ind1=" " ind2=" ">
    <subfield code="a">187 c.</subfield>
    <subfield code="c">&#x446;&#x432;. &#x43F;&#x43E;&#x440;&#x442;&#x440;.</subfield>
    <subfield code="d">22</subfield>
  </datafield>
  <datafield tag="327" ind1="1" ind2=" ">
    <subfield code="a">&#x421;&#x43E;&#x434;&#x435;&#x440;&#x436;. &#x446;&#x438;&#x43A;&#x43B;&#x44B;: 930-&#x43B;&#x435;&#x442;&#x438;&#x44E; &#x420;&#x44F;&#x437;&#x430;&#x43D;&#x438;; &#x415;&#x441;&#x435;&#x43D;&#x438;&#x43D;. &#x41A;&#x43E;&#x43D;&#x43A;&#x443;&#x440;&#x441;. 130 &#x43B;&#x435;&#x442;. &#x41F;&#x435;&#x440;&#x432;&#x43E;&#x435; &#x43C;&#x435;&#x441;&#x442;&#x43E;. &#x41C;&#x435;&#x449;&#x451;&#x440;&#x430;; &#x413;&#x43E;&#x434; &#x437;&#x430;&#x449;&#x438;&#x442;&#x43D;&#x438;&#x43A;&#x430; &#x41E;&#x442;&#x435;&#x447;&#x435;&#x441;&#x442;&#x432;&#x430; 2025; &#x417;&#x43E;&#x43B;&#x43E;&#x442;&#x43E;&#x435; &#x43A;&#x43E;&#x43B;&#x44C;&#x446;&#x43E; &#x420;&#x43E;&#x441;&#x441;&#x438;&#x438;; &#x420;&#x443;&#x441;&#x441;&#x43A;&#x438;&#x439; &#x43C;&#x438;&#x440; &#x438; &#x43F;&#x440;&#x430;&#x432;&#x43E;&#x441;&#x43B;&#x430;&#x432;&#x43D;&#x430;&#x44F; &#x43B;&#x438;&#x440;&#x438;&#x43A;&#x430;; &#x420;&#x430;&#x434;&#x43E;&#x441;&#x442;&#x44C; &#x43C;&#x43E;&#x44F;; &#x41A;&#x430;&#x440;&#x442;&#x438;&#x43D;&#x44B; &#x445;&#x443;&#x434;&#x43E;&#x436;&#x43D;&#x438;&#x43A;&#x43E;&#x432;; &#x41F;&#x435;&#x441;&#x435;&#x43D;&#x43D;&#x44B;&#x435; &#x442;&#x435;&#x43A;&#x441;&#x442;&#x44B;; &#x41D;&#x435;&#x431;&#x430; &#x43F;&#x440;&#x435;&#x434;&#x432;&#x435;&#x447;&#x43D;&#x43E;&#x433;&#x43E; &#x441;&#x438;&#x43B;&#x43E;&#x439;</subfield>
  </datafield>
  <datafield tag="517" ind1="1" ind2=" ">
    <subfield code="a">&#x416;&#x438;&#x432;&#x438;, &#x420;&#x44F;&#x437;&#x430;&#x43D;&#x44C;, &#x438; &#x440;&#x430;&#x441;&#x446;&#x432;&#x435;&#x442;&#x430;&#x439;!</subfield>
  </datafield>
  <datafield tag="686" ind1="2" ind2=" ">
    <subfield code="a">&#x428;6(2=&#x420;)8-5</subfield>
  </datafield>
  <datafield tag="700" ind1=" " ind2="1">
    <subfield code="a">&#x41A;&#x43E;&#x43B;&#x44C;&#x447;&#x443;&#x433;&#x438;&#x43D;</subfield>
    <subfield code="b">&#x412;. &#x411;.</subfield>
    <subfield code="g">&#x412;&#x43B;&#x430;&#x434;&#x438;&#x43C;&#x438;&#x440; &#x411;&#x43E;&#x440;&#x438;&#x441;&#x43E;&#x432;&#x438;&#x447;</subfield>
  </datafield>
  <datafield tag="942" ind1=" " ind2=" ">
    <subfield code="c">BOOK</subfield>
  </datafield>
  <datafield tag="980" ind1=" " ind2=" ">
    <subfield code="a">NB</subfield>
  </datafield>
</record>
